| 000 | 00633nam a2200181Ia 4500 | ||
|---|---|---|---|
| 003 | GCL | ||
| 008 | 140319s9999 xx 000 0 ara d | ||
| 040 |
_aGCL / _cGCL |
||
| 082 | 0 | 4 |
_a833.9 _bع ر |
| 100 | 1 | _aعبده عبود | |
| 245 | 1 | 0 |
_aالرواية الالمانية الحديثة: دراسة استقبالية مقارنه / _cعبده عبود |
| 260 |
_a[S.N] : _bمنشورات وزارة الثقافة ، _c1993 |
||
| 490 |
_aدراسات نقدية _v0 |
||
| 650 | 0 | 4 | _aالادب الالمانى |
| 650 | 0 | 4 | _aالقصص الالمانية المترجمة |
| 650 | 0 | 4 | _aتاريخ ونقد |
| 942 |
_2ddc _cBK |
||
| 999 |
_c37069 _d37069 |
||